[Event "4th Batumi Cup 2018"]
[Site "Batumi"]
[Date "2018.07.04"]
[Round "3"]
[White "Tereladze, Sopiko"]
[Black "Akhvlediani, Irakli"]
[Result "1/2-1/2"]
[WhiteElo "2169"]
[BlackElo "2264"]
[Annotator "NA"]
[PlyCount "55"]
[EventDate "2018.07.03"]
[EventType "swiss"]
[EventCountry "GEO"]
[SourceTitle "playchess.com"]
[Source "ChessBase"]
[SourceQuality "1"]
[TimeControl "40/5400+30:1800+30"]

1. e4 {[%emt 0:00:19]} c5 {[%emt 0:00:00]} 2. Nf3 {[%emt 0:00:24]} Nc6 {[%emt 0:00:02]} 3. d4 {[%emt 0:01:26]} cxd4 {[%emt 0:00:40]} 4. Nxd4 {[%emt 0:00:19]} g6 {[%emt 0:00:07]} 5. c4 {[%emt 0:00:50]} Nf6 {[%emt 0:00:11]} 6. Nc3 {[%emt 0:00:22]} d6 {[%emt 0:00:06]} 7. Be2 {[%emt 0:00:33]} Nxd4 {[%emt 0:00:07]} 8. Qxd4 {[%emt 0:00:09]} Bg7 {[%emt 0:00:02]} 9. Be3 {[%emt 0:00:37]} O-O {[%emt 0:00:08]} 10. Qd2 {[%emt 0:01:04]} Be6 {[%emt 0:00:07]} 11. Rc1 {[%emt 0:00:41]} a5 {[%emt 0:00:17]} 12. b3 {[%emt 0:00:29]} a4 {[%emt 0:39:19]} 13. O-O $11 {[%emt 0:08:32]} axb3 {[%emt 0:09:03]} 14. axb3 {[%emt 0:00:36]} Qa5 {[%emt 0:11:00]} 15. f3 {[%emt 0:03:26]} Rfc8 {[%emt 0:03:19]} 16. Rfd1 {[%emt 0:28:12]} Qb4 {[%emt 0:13:09]} 17. Nd5 {[%emt 0:03:33]} Qxd2 {[%emt 0:00:06]} 18. Bxd2 {[%emt 0:01:27]} Nxd5 {[%emt 0:03:02]} 19. cxd5 {[%emt 0:01:42]} Bd7 {[%emt 0:04:09]} 20. Rxc8+ {[%emt 0:01:27]} Rxc8 {[%emt 0:00:39]} 21. Rc1 {[%emt 0:00:51]} Bd4+ {[%emt 0:00:05]} 22. Kf1 {[%emt 0:00:12]} Rxc1+ {[%emt 0:00:37]} 23. Bxc1 {[%emt 0:00:02]} f5 {[%emt 0:00:07]} 24. Bd3 {[%emt 0:00:52]} fxe4 {[%emt 0:00:17]} 25. fxe4 {[%emt 0:00:20]} Kf7 {[%emt 0:00:27]} 26. h3 {[%emt 0:00:36]} Kf6 {[%emt 0:00:13]} 27. Ke2 {[%emt 0:00:34]} b6 {[%emt 0:00:56]} 28. Kf3 {[%emt 0:00:30]} 1/2-1/2

[Event "4th Batumi Cup 2018"]
[Site "Batumi"]
[Date "2018.07.05"]
[Round "4"]
[White "Jumabayev, Rinat"]
[Black "Pantsulaia, Levan"]
[Result "1/2-1/2"]
[WhiteElo "2594"]
[BlackElo "2575"]
[Annotator "NA"]
[PlyCount "13"]
[EventDate "2018.07.03"]
[EventType "swiss"]
[EventCountry "GEO"]
[SourceTitle "playchess.com"]
[Source "ChessBase"]
[SourceQuality "1"]
[TimeControl "40/5400+30:1800+30"]

{[%evp 11,13,360,566,221] Nf3Nf6g3d5 Bg2c6 [%clk 1:23:07] c4dxc4 [%clk 1:23:07] O-O [%clk 1:12:43] Nbd7 [%clk 1:23:07] Qc2 [%clk 1:12:43] b5 [%clk 1:23:07]} 1. b3 {[%emt 0:17:47] cxb3 [%clk 1:23:07] Qxc6 [%clk 1:12:43] Rb8 [%clk 1:23:07] axb3 [%clk 1:12:43] Bb7 [%clk 1:23:07] Qc3 [%clk 1:12:43]} a6 {[%emt 0:07:23] Nd4 [%clk 1:12:43] Bxg2 [%clk 1:23:07] Kxg2 [%clk 1:12:43] Rc8 [%clk 1:23:07] Qa5 [%clk 1:12:43] Qxa5 [%clk 1:23:07] Rxa5 [%clk 1:12:43] Nb8 [%clk 1:23:07]} 2. Bb2 {[%emt 0:00:30]} e6 {[%emt 0:00:30]} 3. f4 {[%emt 0:00:30]} Bb4 {[%emt 0:00:30] Ra2 [%clk 1:12:43] O-O [%clk 1:23:07]} 4. Nf3 {[%emt 0:00:30] Rfd8 [%clk 1:23:07] Nc3 [%clk 1:12:43] Nfd7 [%clk 1:23:07] Ne4 [%clk 1:12:43]} f5 {[%emt 0:00:30] Nf2 [%clk 1:12:43] Nc5 [%clk 1:23:07] Rb1 [%clk 1:12:43] Bxd2 [%clk 1:23:07]} 5. Bxg7 {[%emt 0:00:30] Kxg7 [%clk 1:23:07] Nxd2 [%clk 1:12:43]} Nc6 {[%emt 0:00:30] Nf3 [%clk 0:27:14] a5 [%clk 0:32:43] b4 [%clk 0:27:14] axb4 [%clk 0:32:43] Rc2 [%clk 0:27:14] Rd5 [%clk 0:32:43] Nd3 [%clk 0:27:14] Nxd3 [%clk 0:32:43] exd3 [%clk 0:27:14] Rxd3 [%clk 0:32:43] Rxb4 [%clk 0:27:14] Nxb4 [%clk 0:32:43] Rxc8 [%clk 0:27:14] Nd5 [%clk 0:32:43] Rb8 [%clk 0:27:14] b4 [%clk 0:32:43] Rb7+ [%clk 0:27:14] Kh6 [%clk 0:32:43]} 6. Ng5 {[%emt 0:45:59] b3 [%clk 0:32:43] Nf7 [%clk 0:27:14] Kh5 [%clk 0:32:43] b3 [%clk 0:32:43] Nf3 [%clk 0:12:41]} Ne5 $2 {[%emt 0:56:23] Rd2+ [%clk 0:32:43] Kf3 [%clk 0:27:14] Nf6 [%clk 0:32:43] Rxb3 [%clk 0:27:14] Rxh2 [%clk 0:32:43] Rb7 [%clk 0:27:14] h6 [%clk 0:32:43] Rb5 [%clk 0:27:14] Rh1 [%clk 0:32:43] Rb6 [%clk 0:27:14] Ng4 [%clk 0:32:43] Nxg4 [%clk 0:27:14] fxg4+ [%clk 0:32:43] Rd2+ [%clk 0:32:43] Kf3 [%clk 0:27:14] Nf6 [%clk 0:32:43] Kg2 [%clk 0:05:07]} (6... h6 {was worth a try.} 7. Nxe6 dxe6) 7. Kf2 $18 {[%emt 0:00:30] Rh2+ [%clk 0:32:43] Kf1 [%clk 0:27:14] Rh1+ [%clk 0:32:43] Kf2 [%clk 0:27:14]} (7. Bxh8 Ng6 8. Bc3 Nxf4 9. Nf3) 1/2-1/2

[Event "4th Batumi Cup 2018"]
[Site "Batumi"]
[Date "2018.07.05"]
[Round "4"]
[White "Levin, Evgeny A"]
[Black "Smirnov, Pavel"]
[Result "1/2-1/2"]
[WhiteElo "2539"]
[BlackElo "2576"]
[Annotator "ChessBase"]
[PlyCount "33"]
[EventDate "2018.07.03"]
[EventType "swiss"]
[EventCountry "GEO"]
[SourceTitle "playchess.com"]
[Source "ChessBase"]
[SourceQuality "1"]
[TimeControl "40/5400+30:1800+30"]

1. d4 {[%emt 0:12:57]} d5 {[%emt 0:12:21]} 2. c4 {[%emt 0:00:30]} e6 {[%emt 0:00:30]} 3. Nf3 {[%emt 0:00:30]} Nf6 {[%emt 0:00:30]} 4. Nc3 {[%emt 0:00:30]} c6 {[%emt 0:00:30]} 5. Bg5 {[%emt 0:00:30]} h6 {[%emt 0:00:30]} 6. Bh4 {[%emt 0:00:30]} dxc4 {[%emt 0:00:30]} 7. e4 {[%emt 0:00:30]} g5 {[%emt 0:00:30]} 8. Bg3 {[%emt 0:00:30]} b5 {[%emt 0:00:30]} 9. Be2 {[%emt 0:00:30]} Bb7 {[%emt 0:00:30]} 10. h4 {[%emt 0:00:30]} g4 {[%emt 0:00:30]} 11. Ne5 {[%emt 0:00:30]} Nbd7 {[%emt 0:00:30]} 12. Nxg4 {[%emt 0:00:30]} b4 {[%emt 0:00:30]} 13. Na4 {[%emt 0:00:30]} Nxe4 {[%emt 0:00:30]} 14. Bxc4 {[%emt 0:00:30]} Qa5 {[%emt 0:00:30]} 15. O-O {[%emt 0:00:30]} Rg8 {[%emt 0:00:30]} 16. Qe2 {[%emt 0:00:30]} Qf5 {[%emt 0:00:30]} 17. Ne3 {[%emt 0:00:30]} 1/2-1/2

[Event "4th Batumi Cup 2018"]
[Site "Batumi"]
[Date "2018.07.05"]
[Round "4"]
[White "Mosadeghpour, Masoud"]
[Black "Suleymanli, Aydin"]
[Result "1/2-1/2"]
[WhiteElo "2531"]
[BlackElo "2266"]
[Annotator "ChessBase"]
[PlyCount "95"]
[EventDate "2018.07.03"]
[EventType "swiss"]
[EventCountry "GEO"]
[SourceTitle "playchess.com"]
[Source "ChessBase"]
[SourceQuality "1"]
[TimeControl "40/5400+30:1800+30"]

1. e4 {[%emt 0:04:13]} c6 {[%emt 0:00:00]} 2. d4 {[%emt 0:00:30]} d5 {[%emt 0:00:10]} 3. Nd2 {[%emt 0:00:30]} dxe4 {[%emt 0:00:30]} 4. Nxe4 {[%emt 0:00:30]} Nd7 {[%emt 0:00:30]} 5. Nf3 {[%emt 0:00:30]} Ngf6 {[%emt 0:00:30]} 6. Nxf6+ {[%emt 0:00:30]} Nxf6 {[%emt 0:00:30]} 7. c3 {[%emt 0:00:30]} Bg4 {[%emt 0:00:30]} 8. h3 {[%emt 0:00:30]} Bxf3 {[%emt 0:00:30]} 9. Qxf3 {[%emt 0:00:30]} e6 {[%emt 0:00:30]} 10. g3 {[%emt 0:00:30]} Qd5 {[%emt 0:00:30]} 11. Bg2 {[%emt 0:00:30]} Qxf3 {[%emt 0:00:30]} 12. Bxf3 {[%emt 0:00:30]} O-O-O {[%emt 0:00:30]} 13. Bg5 {[%emt 0:00:30]} Be7 {[%emt 0:00:30]} 14. O-O-O {[%emt 0:00:30]} Nd5 {[%emt 0:00:30]} 15. h4 {[%emt 0:00:30]} h6 {[%emt 0:00:30]} 16. Bd2 {[%emt 0:00:30]} c5 {[%emt 0:00:30]} 17. dxc5 {[%emt 0:00:30]} Bxc5 {[%emt 0:00:30]} 18. Rhe1 {[%emt 0:00:30]} Rd7 {[%emt 0:00:30]} 19. b4 {[%emt 0:00:30]} Be7 {[%emt 0:00:30]} 20. Bxd5 {[%emt 0:00:30]} Rxd5 {[%emt 0:00:30]} 21. Be3 {[%emt 0:00:30]} Rxd1+ {[%emt 0:00:30]} 22. Rxd1 {[%emt 0:00:30]} Kc7 {[%emt 0:00:30]} 23. a4 {[%emt 0:00:30]} a6 {[%emt 0:00:30]} 24. Bf4+ {[%emt 0:00:30]} Kc8 {[%emt 0:00:30]} 25. Rd4 {[%emt 0:00:30]} g5 {[%emt 0:00:30]} 26. Rc4+ {[%emt 0:00:30]} Kd8 {[%emt 0:00:30]} 27. Be5 {[%emt 0:00:30]} f6 {[%emt 0:00:30]} 28. Bb8 {[%emt 0:00:30]} h5 {[%emt 0:00:30]} 29. b5 {[%emt 0:00:30]} axb5 {[%emt 0:00:30]} 30. axb5 {[%emt 0:00:30]} gxh4 {[%emt 0:00:30]} 31. Rxh4 {[%emt 0:00:30]} Kc8 {[%emt 0:00:30]} 32. Ba7 {[%emt 0:00:30]} f5 {[%emt 0:00:30]} 33. Ra4 {[%emt 0:00:30]} Kc7 {[%emt 0:00:30]} 34. Bd4 {[%emt 0:00:30]} Rd8 {[%emt 0:00:30]} 35. Be5+ {[%emt 0:00:30]} Kb6 {[%emt 0:00:30]} 36. c4 {[%emt 0:00:30]} Bc5 {[%emt 0:00:30]} 37. Bc3 {[%emt 0:00:30]} Kc7 {[%emt 0:00:30]} 38. Ra2 {[%emt 0:00:30]} Rd3 {[%emt 0:00:30]} 39. Ba5+ {[%emt 0:00:30]} Kd7 {[%emt 0:00:30]} 40. Be1 {[%emt 0:00:30]} e5 {[%emt 0:00:30]} 41. Ra8 {[%emt 0:30:30]} Rd4 {[%emt 0:30:30]} 42. Rh8 {[%emt 0:00:30]} Rxc4+ {[%emt 0:00:30]} 43. Kd1 {[%emt 0:00:30]} Ke6 {[%emt 0:00:30]} 44. Rxh5 {[%emt 0:00:30]} b6 {[%emt 0:00:30]} 45. Rh8 {[%emt 0:00:30]} Rd4+ {[%emt 0:00:30]} 46. Ke2 {[%emt 0:00:30]} Ra4 {[%emt 0:00:30]} 47. Rh6+ {[%emt 0:00:30]} Kd5 {[%emt 0:00:30]} 48. Rf6 {[%emt 0:00:30]} 1/2-1/2

[Event "4th Batumi Cup 2018"]
[Site "Batumi"]
[Date "2018.07.05"]
[Round "4"]
[White "Sanikidze, Tornike"]
[Black "Martynov, Roman"]
[Result "1-0"]
[WhiteElo "2512"]
[BlackElo "2366"]
[Annotator "ChessBase"]
[PlyCount "75"]
[EventDate "2018.07.03"]
[EventType "swiss"]
[EventCountry "GEO"]
[SourceTitle "playchess.com"]
[Source "ChessBase"]
[SourceQuality "1"]
[TimeControl "40/5400+30:1800+30"]

1. d4 {[%emt 0:00:00]} Nf6 {[%emt 0:16:51]} 2. c4 {[%emt 0:00:00]} e6 {[%emt 0:00:30]} 3. Nf3 {[%emt 0:00:00]} b6 {[%emt 0:00:30]} 4. a3 {[%emt 0:00:00]} Bb7 {[%emt 0:00:30]} 5. Nc3 {[%emt 0:00:02]} Ne4 {[%emt 0:00:30]} 6. Nxe4 {[%emt 0:00:30]} Bxe4 {[%emt 0:00:30]} 7. Bf4 {[%emt 0:00:30]} d6 {[%emt 0:00:30]} 8. e3 {[%emt 0:00:30]} Be7 {[%emt 0:00:30]} 9. Bd3 {[%emt 0:00:30]} Bxd3 {[%emt 0:00:30]} 10. Qxd3 {[%emt 0:00:30]} a5 {[%emt 0:00:30]} 11. b3 {[%emt 0:00:30]} Nd7 {[%emt 0:00:30]} 12. O-O {[%emt 0:00:30]} O-O {[%emt 0:00:30]} 13. e4 {[%emt 0:00:30]} Qc8 {[%emt 0:00:30]} 14. Be3 {[%emt 0:00:30]} Qb7 {[%emt 0:00:30]} 15. Nd2 {[%emt 0:00:30]} d5 {[%emt 0:00:30]} 16. cxd5 {[%emt 0:00:30]} exd5 {[%emt 0:00:30]} 17. e5 {[%emt 0:00:30]} c5 {[%emt 0:00:30]} 18. f4 {[%emt 0:00:30]} cxd4 {[%emt 0:00:30]} 19. Bxd4 {[%emt 0:00:30]} f5 {[%emt 0:00:30]} 20. Qb5 {[%emt 0:00:30]} Rfc8 {[%emt 0:00:30]} 21. b4 {[%emt 0:00:30]} Qc6 {[%emt 0:00:30]} 22. Qd3 {[%emt 0:00:30]} Qc2 {[%emt 0:00:30]} 23. Qf3 {[%emt 0:00:30]} Qc6 {[%emt 0:00:30]} 24. Rac1 {[%emt 0:00:30]} Qe6 {[%emt 0:00:30]} 25. Qb3 {[%emt 0:00:30]} axb4 {[%emt 0:00:30]} 26. axb4 {[%emt 0:00:30]} b5 {[%emt 0:00:30]} 27. Rxc8+ {[%emt 0:00:30]} Rxc8 {[%emt 0:00:30]} 28. Ra1 {[%emt 0:00:30]} Qc6 {[%emt 0:00:30]} 29. h3 {[%emt 0:00:30]} Nb6 {[%emt 0:00:30]} 30. Ra6 {[%emt 0:00:30]} Qc1+ {[%emt 0:00:30]} 31. Nf1 {[%emt 0:00:30]} Nc4 {[%emt 0:00:30]} 32. Qf3 {[%emt 0:00:30]} Rd8 {[%emt 0:00:30]} 33. Ra1 {[%emt 0:00:30]} Qc2 {[%emt 0:00:30]} 34. Ra7 {[%emt 0:00:30]} Qe4 {[%emt 0:00:30]} 35. Rxe7 {[%emt 0:00:30]} Qxd4+ {[%emt 0:00:30]} 36. Kh2 {[%emt 0:00:30]} Qe4 {[%emt 0:00:30]} 37. Qg3 {[%emt 0:00:30]} g6 {[%emt 0:00:30]} 38. Qh4 {[%emt 0:00:30]} 1-0

[Event "4th Batumi Cup 2018"]
[Site "Batumi"]
[Date "2018.07.05"]
[Round "4"]
[White "Quparadze, Giga"]
[Black "Duzhakov, Ilya"]
[Result "1-0"]
[WhiteElo "2503"]
[BlackElo "2448"]
[Annotator "ChessBase"]
[PlyCount "81"]
[EventDate "2018.07.03"]
[EventType "swiss"]
[EventCountry "GEO"]
[SourceTitle "playchess.com"]
[Source "ChessBase"]
[SourceQuality "1"]
[TimeControl "40/5400+30:1800+30"]

1. e4 {[%emt 0:00:00]} c5 {[%emt 0:20:56]} 2. Ne2 {[%emt 0:00:00]} d6 {[%emt 0:00:30]} 3. g3 {[%emt 0:00:00]} g6 {[%emt 0:00:30]} 4. Bg2 {[%emt 0:00:00]} Bg7 {[%emt 0:00:30]} 5. c3 {[%emt 0:00:00]} Nc6 {[%emt 0:00:30]} 6. d4 {[%emt 0:00:00]} cxd4 {[%emt 0:00:30]} 7. cxd4 {[%emt 0:00:25]} h5 {[%emt 0:00:30]} 8. h3 {[%emt 0:00:30]} Qb6 {[%emt 0:00:30]} 9. Nbc3 {[%emt 0:00:30]} Nf6 {[%emt 0:00:30]} 10. Be3 {[%emt 0:00:30]} Qd8 {[%emt 0:00:30]} 11. Qd2 {[%emt 0:00:30]} Bd7 {[%emt 0:00:30]} 12. f4 {[%emt 0:00:30]} O-O {[%emt 0:00:30]} 13. O-O {[%emt 0:00:30]} e6 {[%emt 0:00:30]} 14. e5 {[%emt 0:00:30]} Ne8 {[%emt 0:00:30]} 15. Ne4 {[%emt 0:00:30]} d5 {[%emt 0:00:30]} 16. Ng5 {[%emt 0:00:30]} Qa5 {[%emt 0:00:30]} 17. Nc3 {[%emt 0:00:30]} f6 {[%emt 0:00:30]} 18. Nf3 {[%emt 0:00:30]} f5 {[%emt 0:00:30]} 19. g4 {[%emt 0:00:30]} hxg4 {[%emt 0:00:30]} 20. hxg4 {[%emt 0:00:30]} fxg4 {[%emt 0:00:30]} 21. Nh4 {[%emt 0:00:30]} Kf7 {[%emt 0:00:30]} 22. Qe2 {[%emt 0:00:30]} Ne7 {[%emt 0:00:30]} 23. Qxg4 {[%emt 0:00:30]} Rh8 {[%emt 0:00:30]} 24. Nxg6 {[%emt 0:00:30]} Nf5 {[%emt 0:00:30]} 25. Nxh8+ {[%emt 0:00:30]} Bxh8 {[%emt 0:00:30]} 26. Qh5+ {[%emt 0:00:30]} Kg8 {[%emt 0:00:30]} 27. Rf3 {[%emt 0:00:30]} Neg7 {[%emt 0:00:30]} 28. Qh2 {[%emt 0:00:30]} Nxe3 {[%emt 0:00:30]} 29. Rxe3 {[%emt 0:00:30]} Nf5 {[%emt 0:00:30]} 30. Rd3 {[%emt 0:00:30]} Bg7 {[%emt 0:00:30]} 31. Bh3 {[%emt 0:00:30]} Rf8 {[%emt 0:00:30]} 32. Bxf5 {[%emt 0:00:30]} Rxf5 {[%emt 0:00:30]} 33. Rg3 {[%emt 0:00:30]} Qb6 {[%emt 0:00:30]} 34. Rd1 {[%emt 0:00:30]} Be8 {[%emt 0:00:30]} 35. Rd2 {[%emt 0:00:30]} Kf8 {[%emt 0:00:30]} 36. Qh7 {[%emt 0:00:30]} Rf7 {[%emt 0:00:30]} 37. Kh2 {[%emt 0:00:30]} Qa6 {[%emt 0:00:30]} 38. Rdg2 {[%emt 0:00:30]} Qf1 {[%emt 0:00:30]} 39. Ne2 {[%emt 0:00:30]} Bb5 {[%emt 0:00:30]} 40. Qh4 {[%emt 0:00:30]} Bxe2 {[%emt 0:00:30]} 41. Qd8# {[%emt 0:30:30]} 1-0

[Event "4th Batumi Cup 2018"]
[Site "Batumi"]
[Date "2018.07.05"]
[Round "4"]
[White "Tutisani, Noe"]
[Black "Sibashvili, Giorgi"]
[Result "1-0"]
[WhiteElo "2469"]
[BlackElo "2408"]
[Annotator "ChessBase"]
[PlyCount "129"]
[EventDate "2018.07.03"]
[EventType "swiss"]
[EventCountry "GEO"]
[SourceTitle "playchess.com"]
[Source "ChessBase"]
[SourceQuality "1"]
[TimeControl "40/5400+30:1800+30"]

1. e4 {[%emt 0:00:00]} e5 {[%emt 0:19:44]} 2. Nf3 {[%emt 0:00:00]} Nc6 {[%emt 0:00:30]} 3. Bc4 {[%emt 0:00:00]} Nf6 {[%emt 0:00:30]} 4. d3 {[%emt 0:00:00]} Be7 {[%emt 0:00:30]} 5. O-O {[%emt 0:00:00]} d6 {[%emt 0:00:30]} 6. a4 {[%emt 0:00:00]} Be6 {[%emt 0:00:30]} 7. Nbd2 {[%emt 0:00:17]} O-O {[%emt 0:00:30]} 8. Re1 {[%emt 0:00:30]} Qd7 {[%emt 0:00:30]} 9. c3 {[%emt 0:00:30]} Rfe8 {[%emt 0:00:30]} 10. a5 {[%emt 0:00:30]} Bxc4 {[%emt 0:00:30]} 11. Nxc4 {[%emt 0:00:30]} b5 {[%emt 0:00:30]} 12. axb6 {[%emt 0:00:30]} axb6 {[%emt 0:00:30]} 13. Bg5 {[%emt 0:00:30]} Ng4 {[%emt 0:00:30]} 14. Bxe7 {[%emt 0:00:30]} Nxe7 {[%emt 0:00:30]} 15. h3 {[%emt 0:00:30]} b5 {[%emt 0:00:30]} 16. Rxa8 {[%emt 0:00:30]} Rxa8 {[%emt 0:00:30]} 17. hxg4 {[%emt 0:00:30]} bxc4 {[%emt 0:00:30]} 18. dxc4 {[%emt 0:00:30]} Qxg4 {[%emt 0:00:30]} 19. c5 {[%emt 0:00:30]} Ng6 {[%emt 0:00:30]} 20. cxd6 {[%emt 0:00:30]} cxd6 {[%emt 0:00:30]} 21. Nh2 {[%emt 0:00:30]} Qe6 {[%emt 0:00:30]} 22. Nf1 {[%emt 0:00:30]} Ra2 {[%emt 0:00:30]} 23. Qd2 {[%emt 0:00:30]} Qb3 {[%emt 0:00:30]} 24. Rb1 {[%emt 0:00:30]} h6 {[%emt 0:00:30]} 25. Ne3 {[%emt 0:00:30]} Qb7 {[%emt 0:00:30]} 26. Qd5 {[%emt 0:00:30]} Qa6 {[%emt 0:00:30]} 27. Qc4 {[%emt 0:00:30]} Nf4 {[%emt 0:00:30]} 28. Qxa6 {[%emt 0:00:30]} Rxa6 {[%emt 0:00:30]} 29. Rd1 {[%emt 0:00:30]} Ne6 {[%emt 0:00:30]} 30. Nc4 {[%emt 0:00:30]} Nc5 {[%emt 0:00:30]} 31. Nxd6 {[%emt 0:00:30]} Ra2 {[%emt 0:00:30]} 32. b4 {[%emt 0:00:30]} Na4 {[%emt 0:00:30]} 33. Rc1 {[%emt 0:00:30]} Rb2 {[%emt 0:00:30]} 34. c4 {[%emt 0:00:30]} Rxb4 {[%emt 0:00:30]} 35. c5 {[%emt 0:00:30]} Rd4 {[%emt 0:00:30]} 36. Nf5 {[%emt 0:00:30]} Rxe4 {[%emt 0:00:30]} 37. c6 {[%emt 0:00:30]} Nb6 {[%emt 0:00:30]} 38. c7 {[%emt 0:00:30]} Kh7 {[%emt 0:00:30]} 39. Nd6 {[%emt 0:00:30]} Ra4 {[%emt 0:00:30]} 40. Rc6 {[%emt 0:00:30]} Ra7 {[%emt 0:00:30]} 41. Kh2 {[%emt 0:30:30]} f6 {[%emt 0:30:30]} 42. Nb5 {[%emt 0:00:30]} Rb7 {[%emt 0:00:30]} 43. Rxb6 {[%emt 0:00:30]} Rxb6 {[%emt 0:00:30]} 44. c8=Q {[%emt 0:00:30]} Rxb5 {[%emt 0:00:30]} 45. Qc4 {[%emt 0:00:30]} Rb2 {[%emt 0:00:30]} 46. f3 {[%emt 0:00:30]} Rd2 {[%emt 0:00:30]} 47. Kh3 {[%emt 0:00:30]} h5 {[%emt 0:00:30]} 48. Qe4+ {[%emt 0:00:30]} Kg8 {[%emt 0:00:30]} 49. Qg6 {[%emt 0:00:30]} Rd4 {[%emt 0:00:30]} 50. Qe8+ {[%emt 0:00:30]} Kh7 {[%emt 0:00:30]} 51. Qxh5+ {[%emt 0:00:30]} Kg8 {[%emt 0:00:30]} 52. Qe8+ {[%emt 0:00:30]} Kh7 {[%emt 0:00:30]} 53. g3 {[%emt 0:00:30]} Kh6 {[%emt 0:00:30]} 54. Qc6 {[%emt 0:00:30]} Kg5 {[%emt 0:00:30]} 55. f4+ {[%emt 0:00:30]} Kf5 {[%emt 0:00:30]} 56. Qc2+ {[%emt 0:00:30]} Ke6 {[%emt 0:00:30]} 57. Qb3+ {[%emt 0:00:30]} Kf5 {[%emt 0:00:30]} 58. Qc2+ {[%emt 0:00:30]} Ke6 {[%emt 0:00:30]} 59. fxe5 {[%emt 0:00:30]} f5 {[%emt 0:00:30]} 60. Qc6+ {[%emt 0:00:30]} Kxe5 {[%emt 0:00:30]} 61. Qc5+ {[%emt 0:00:30]} Ke4 {[%emt 0:00:30]} 62. Qe7+ {[%emt 0:00:30]} Kd3 {[%emt 0:00:30]} 63. Qxg7 {[%emt 0:00:30]} f4 {[%emt 0:00:30]} 64. Qxd4+ {[%emt 0:00:30]} Kxd4 {[%emt 0:00:30]} 65. gxf4 {[%emt 0:00:30]} 1-0

[Event "4th Batumi Cup 2018"]
[Site "Batumi"]
[Date "2018.07.05"]
[Round "4"]
[White "Nigmatov, Ortik"]
[Black "Maghalashvili, Davit"]
[Result "*"]
[WhiteElo "2461"]
[BlackElo "2508"]
[Annotator "ChessBase"]
[PlyCount "24"]
[EventDate "2018.07.03"]
[EventType "swiss"]
[EventCountry "GEO"]
[SourceTitle "playchess.com"]
[Source "ChessBase"]
[SourceQuality "1"]
[TimeControl "40/5400+30:1800+30"]

1. Nf3 {[%emt 0:00:00] d5e3 [%clk 1:30:54]} Nf6 {[%emt 0:19:05]} 2. c4 {[%emt 0:00:06]} e6 {[%emt 0:00:30]} 3. b3 {[%emt 0:00:30]} Bd6 {[%emt 0:00:30]} 4. Bb2 {[%emt 0:00:30]} O-O {[%emt 0:00:30]} 5. Nc3 {[%emt 0:00:30]} a6 {[%emt 0:00:30]} 6. Qc2 {[%emt 0:00:30]} b6 {[%emt 0:00:30]} 7. Ng5 {[%emt 0:00:30]} g6 {[%emt 0:00:30]} 8. h4 {[%emt 0:00:30]} h6 {[%emt 0:00:30]} 9. Nf3 {[%emt 0:00:30]} Nc6 {[%emt 0:00:30] cxd5 [%clk 1:30:54] Nb4 [%clk 1:11:25]} 10. Qc1 {[%emt 0:00:30] Nbxd5 [%clk 1:11:25]} Nd5 {[%emt 0:00:00] exd5 [%clk 1:11:25]} 11. Qc2 {[%emt 0:00:30]} Be7 {[%emt 0:01:00]} 12. Ne5 {[%emt 0:00:30] Ne4 [%clk 1:11:25] Qc6 [%clk 1:30:54]} Bb4 {[%emt 0:00:30] Bd3 [%clk 1:30:54]} *

[Event "4th Batumi Cup 2018"]
[Site "Batumi"]
[Date "2018.07.05"]
[Round "4"]
[White "Nigmatov, Ortik"]
[Black "Maghalashvili, Davit"]
[Result "1/2-1/2"]
[WhiteElo "2461"]
[BlackElo "2508"]
[Annotator "ChessBase"]
[PlyCount "36"]
[EventDate "2018.07.03"]
[EventType "swiss"]
[EventCountry "GEO"]
[SourceTitle "playchess.com"]
[Source "ChessBase"]
[SourceQuality "1"]
[TimeControl "40/5400+30:1800+30"]

1. Nf3 {[%emt 0:00:00] d5e3 [%clk 1:30:54]} Nf6 {[%emt 0:19:05]} 2. c4 {[%emt 0:00:06]} e6 {[%emt 0:00:30]} 3. b3 {[%emt 0:00:30]} Bd6 {[%emt 0:00:30]} 4. Bb2 {[%emt 0:00:30]} O-O {[%emt 0:00:30]} 5. Nc3 {[%emt 0:00:30]} a6 {[%emt 0:00:30]} 6. Qc2 {[%emt 0:00:30]} b6 {[%emt 0:00:30]} 7. Ng5 {[%emt 0:00:30]} g6 {[%emt 0:00:30]} 8. h4 {[%emt 0:00:30]} h6 {[%emt 0:00:30]} 9. Nf3 {[%emt 0:00:30]} Nc6 {[%emt 0:00:30] cxd5 [%clk 1:30:54] Nb4 [%clk 1:11:25]} 10. Qc1 {[%emt 0:00:30] Nbxd5 [%clk 1:11:25]} Nd5 {[%emt 0:00:00] exd5 [%clk 1:11:25] Qc3 [%clk 1:30:54] Be7 [%clk 1:11:25]} 11. Ne5 {[%emt 0:00:30] Ne4 [%clk 1:11:25] Qc6 [%clk 1:30:54]} Bb4 {[%emt 0:01:00] Bd3 [%clk 1:30:54] Bxd2+ [%clk 1:11:25] Ke2 [%clk 1:30:54] Bb4 [%clk 1:11:25]} 12. h5 {[%emt 0:00:30] Qd6 [%clk 1:11:25] Bxe4 [%clk 1:30:54] dxe4 [%clk 1:11:25] Qxd6 [%clk 1:30:54]} Bd6 {[%emt 0:00:30]} 13. hxg6 {[%emt 0:00:30]} f6 {[%emt 0:00:30]} 14. Nf7 {[%emt 0:00:30]} Kg7 {[%emt 0:00:30]} 15. Nxd6 {[%emt 0:00:30]} cxd6 {[%emt 0:00:30]} 16. Rh4 {[%emt 0:00:30] Bf5 [%clk 1:11:25] Rf4 [%clk 1:30:54] Bxg6 [%clk 1:11:25] Rc1 [%clk 1:30:54] Rac8 [%clk 1:11:25] Rxf6 [%clk 1:30:54] Bh5+ [%clk 1:11:25] Kd2 [%clk 1:30:54] Rxc1 [%clk 1:11:25] Rxd6+ [%clk 1:30:54] Kh7 [%clk 1:11:25] Rd7 [%clk 1:30:54]} Rf7 {[%emt 0:00:30] Rxf7 [%clk 1:30:54] Bxf7 [%clk 1:11:25] Bxc1 [%clk 1:30:54] Kg6 [%clk 1:11:25] Bb2 [%clk 1:30:54] Kf5 [%clk 1:11:25] Bd4 [%clk 1:30:54] b5 [%clk 1:11:25] Kc3 [%clk 1:30:54] h5 [%clk 1:11:25] Bb6 [%clk 1:30:54] Ke5 [%clk 1:11:25] Kb4 [%clk 1:30:54] Be6 [%clk 1:11:25] Kc5 [%clk 1:30:54] Bg4 [%clk 1:11:25] Bc7 [%clk 1:30:54] Ke6 [%clk 1:11:25]} 17. g3 {[%emt 0:00:30] Kd7 [%clk 1:11:25] Be5 [%clk 1:30:54] Be2 [%clk 1:11:25] Kb6 [%clk 1:30:54] Bd3 [%clk 1:11:25] Kxa6 [%clk 1:30:54] Kc6 [%clk 1:11:25] Ka5 [%clk 1:30:54] Be2 [%clk 1:11:25] Kb4 [%clk 1:30:54] Kd5 [%clk 1:11:25] Bg7 [%clk 1:30:54] Bf1 [%clk 1:11:25] Kc3 [%clk 1:30:54] Be2 [%clk 1:11:25] Kd2 [%clk 1:30:54] Bf1 [%clk 1:11:25] Bd4 [%clk 1:30:54] Ke6 [%clk 1:11:25] f3 [%clk 1:30:54] exf3 [%clk 1:11:25] e4 [%clk 1:30:54] f2 [%clk 1:11:25] Bxf2 [%clk 1:30:54] Ke5 [%clk 1:11:25] Ke3 [%clk 1:30:54] Bg2 [%clk 1:11:25] g4 [%clk 1:30:54] hxg4 [%clk 1:11:25] Bg3+ [%clk 1:30:54] Ke6 [%clk 1:11:25] Kd4 [%clk 1:30:54] Bf3 [%clk 1:11:25] Kc5 [%clk 1:30:54] Be2 [%clk 1:11:25] Kb4 [%clk 1:30:54] Kd7 [%clk 1:11:25] a4 [%clk 1:30:54] bxa4 [%clk 1:11:25] Kxa4 [%clk 1:30:54] Kc6 [%clk 1:11:25] Ka5 [%clk 1:30:54] Bd3 [%clk 1:11:25]} e5 {[%emt 0:00:00] Be2 [%clk 1:11:25]} 18. b4 {[%emt 0:00:30] Bc4 [%clk 1:11:25] Bh2 [%clk 1:30:54] Bb5 [%clk 1:11:25] Bg3 [%clk 1:30:54] Bc4 [%clk 1:11:25] Bf2 [%clk 1:30:54] Bb5 [%clk 1:11:25] e6 [%clk 1:30:54] Bc4 [%clk 1:11:25]} b5 {[%emt 0:00:00] Bxb5 [%clk 1:11:25] e7 [%clk 1:30:54] Kd7 [%clk 1:11:25] Kxb5 [%clk 1:30:54] Kxe7 [%clk 1:11:25]} 1/2-1/2